General WWII Quiz - Statistics

General Stats
  • This quiz has been taken 52 times
  • The average score is 7 of 11
Answer Stats
Hint Answer % Correct
German Attack Type, Meaning 'Lightning War' Blitzkrieg
98%
Which country's invasion started WWII Poland
96%
The Nickname of the Atomic Bomb Dropped on Nagasaki Fat Man
94%
German Commander, Nicknamed 'Desert Fox' Erwin Rommel
85%
The American Atomic Bomb Project Manhatten Project
77%
The Lead German Tank in WWII Panzer IV
73%
What Island is Pearl Harbor on? O'ahu
67%
The Year The Nazi Party Was Formed 1920
58%
The Number of Countries Involved in WWII 30
38%
Start Date of WWII September 1, 1939
31%
Movie About a Nearly Successful Assassination Attempt on Hitler via Bomb 13 Minutes
2%
No matching quizzes found
Score Distribution
Percent of People with Each Score
Percentile by Number Answered
Your Score History
You have not taken this quiz